| 000 | 00356 a2200109 4500 | ||
|---|---|---|---|
| 001 | ART_45394 | ||
| 005 | 20260410161939.0 | ||
| 008 | 260409a | ||
| 245 | 1 | 0 | _aIs Keynesian policy dead after all these years? |
| 100 | 1 | _aWray, L. Randall | |
| 773 | 0 |
_tJournal of post Keynesian economics _g- Vol. 17, NÂș 2 (dic.1994/mar.1995) _wREV26226 |
|
| 999 |
_c29313 _d29313 |
||